000 00331nab a22001097u 4500
008 130520b1988 xxu||||| |||| 00| 0 spa d
041 _aspa
100 1 _aGonnet, G.
_967441
245 0 0 _aCátaros y valdenses en la Iglesia de la Edad Media
_cG. Gonnet
773 0 _tConcilium
_gV.2,1988,págs.443-447
_x0210-1041
_wRev134
942 _cAR
999 _c355412
_d355412